Kandydaci na prezydenta RP 2010 - Statystyki

Ogólne statystyki
  • Ten quiz został rozwiązany 144 razy
  • Średni wynik to 5 z 8
Statystyki odpowiedzi
% głosów w I turze % głosów w II turze Partia Kandydat % Poprawnych
36,46 46,44 PIS Jarosław Kaczyński
99%
41,54 52,39 PO Bronisław Komorowski
98%
2,48 - Wolność i Praworządność Janusz Korwin-Mikke
74%
1,28 - Samoobrona RP Andrzej Lepper
70%
1,75 - PSL Waldemar Pawlak
55%
13,68 - SLD Grzegorz Napieralski
47%
1,44 - Bezpartyjny Andrzej Olechowski
33%
1,06 - Prawica RP Marek Jurek
15%
Nie znaleziono quizów pasujących do podanych kryteriów
Rozkład punktacji
Procent ludzi z każdym wynikiem
Percentyl według liczby udzielonych odpowiedzi
Twoja historia wyników
Nie rozwiązałeś tego quizu